Normal view
MARC view
- Samuelsson, Gunnar,
Entry Personal Name
001 - CONTROL NUMBER
- control field: 39479
003 - CONTROL NUMBER IDENTIFIER
- control field: OSt
005 - DATE AND TIME OF LATEST TRANSACTION
- control field: 20160306104246.0
008 - FIXED-LENGTH DATA ELEMENTS
- fixed length control field: 160306|| aca||aabn | a|a d
040 ## - CATALOGING SOURCE
- Original cataloging agency: OSt
100 1# - HEADING--PERSONAL NAME
- Personal name: Samuelsson, Gunnar,
- Titles and other words associated with a name: Prof. em.